| Tag |
First Indicator |
Second Indicator |
Subfields |
| LEADER |
00000cam a2200000 a 4500 |
| 001 |
in00001585321 |
| 005 |
20151022155910.0 |
| 008 |
000323s2001 gau b s001 0 eng |
| 010 |
|
|
|a 00036461
|
| 020 |
|
|
|a 0820322288 (alk. paper)
|
| 035 |
|
|
|a (OCoLC)ocm43751741
|
| 040 |
|
|
|a DLC
|c DLC
|d OCL
|d C#P
|d TXA
|d UtOrBLW
|
| 043 |
|
|
|a n-us-ga
|
| 049 |
|
|
|a TXAM
|
| 050 |
0 |
0 |
|a F290
|b .L63 2001
|
| 082 |
0 |
0 |
|a 975.8
|2 21
|
| 100 |
1 |
|
|a Lockley, Timothy James,
|d 1971-
|
| 245 |
1 |
0 |
|a Lines in the sand :
|b race and class in lowcountry Georgia, 1750-1860 /
|c Timothy James Lockley.
|
| 264 |
|
1 |
|a Athens :
|b University of Georgia Press,
|c [2001]
|
| 264 |
|
4 |
|c ©2001
|
| 300 |
|
|
|a xviii, 280 pages ;
|c 25 cm.
|
| 336 |
|
|
|a text
|b txt
|2 rdacontent
|
| 337 |
|
|
|a unmediated
|b n
|2 rdamedia
|
| 338 |
|
|
|a volume
|b nc
|2 rdacarrier
|
| 504 |
|
|
|a Includes bibliographical references (pages 245-272) and index.
|
| 651 |
|
0 |
|a Georgia
|x History
|y 1775-1865.
|
| 651 |
|
0 |
|a Georgia
|x Race relations.
|
| 651 |
|
0 |
|a Georgia
|x Social conditions.
|
| 650 |
|
0 |
|a Social classes
|z Georgia
|x History
|y 18th century.
|
| 650 |
|
0 |
|a Social classes
|z Georgia
|x History
|y 19th century.
|
| 650 |
|
0 |
|a Slaves
|z Georgia
|x Social conditions.
|
| 650 |
|
0 |
|a African Americans
|z Georgia
|x Social conditions.
|
| 650 |
|
0 |
|a Rural poor
|z Georgia
|x History.
|
| 650 |
|
0 |
|a Whites
|z Georgia
|x Social conditions.
|
| 948 |
|
|
|a cataloged
|b h
|c 2001/1/30
|d c
|e dmitchel
|f 10:00:00 am
|
| 994 |
|
|
|a E0
|b TXA
|
| 999 |
|
|
|a MARS
|
| 999 |
f |
f |
|s 3eb43f13-ac8f-3aa5-834b-85df8e6d68ed
|i 5b3bf3a1-060a-3e1a-8ccd-f5b462714dce
|t 0
|
| 952 |
f |
f |
|p normal
|a Texas A&M University
|b College Station
|c Sterling C. Evans Library
|d Evans: Library Stacks
|t 0
|e F290 .L63 2001
|h Library of Congress classification
|i unmediated -- volume
|m A14827155881
|
| 998 |
f |
f |
|a F290 .L63 2001
|t 0
|l Evans: Library Stacks
|